Food Close-Up #1 - Statistics

General Stats
  • This quiz has been taken 338 times
  • The average score is 13 of 15
Answer Stats
Picture Answer % Correct
Popcorn
99%
Corn
97%
Pizza
96%
Salmon
96%
Broccoli
94%
Hotdog
94%
Ice Cream
93%
Pasta
93%
Watermelon
93%
Burger
90%
Croissant
90%
Gummy Bear
85%
Chicken
68%
Raspberries
68%
Pistachios
55%
No matching quizzes found
Score Distribution
Percent of People with Each Score
Percentile by Number Answered
Your Score History
You have not taken this quiz